| 000 | 00814nam a2200277Ia 4500 | ||
|---|---|---|---|
| 003 | OSt | ||
| 005 | 20220918222514.0 | ||
| 006 | a|||||r|||| 00| 0 | ||
| 007 | ta | ||
| 008 | 220917b |||||||| |||| 00| 0 eng d | ||
| 024 | _a217,158 | ||
| 037 | _cTextual | ||
| 040 |
_aARTS _cARTS _beng |
||
| 041 |
_2eng _aeng |
||
| 082 | _aY, P0 | ||
| 100 |
_aFrost Peter J Ed. _9127670 |
||
| 245 | 0 |
_aTalking about organization science _b debates and dialogue from crossroads |
|
| 260 |
_aNew Delhi _bSage _c2000 |
||
| 300 |
_axiv, 320p _ccm. |
||
| 490 | _aOraganization Science | ||
| 650 | _aSOCIOLOGY | ||
| 700 |
_a Daft Richard L Ed. _9143367 |
||
| 700 |
_a Lewin Arie Y Ed. _920753 |
||
| 942 |
_hY, P0 _cTEXL _2CC |
||
| 999 |
_c275758 _d275758 |
||